[Event "4th Al Ain Chess Classic"]
[Site "Al-Ain UAE"]
[Date "2015.12.29"]
[Round "8.29"]
[White "Visakh N R"]
[Black "Hayrapetyan, Hovik"]
[Result "0-1"]
[WhiteTitle "IM"]
[BlackTitle "GM"]
[WhiteElo "2388"]
[BlackElo "2489"]
[WhiteFideId "25012223"]
[BlackFideId "13302639"]
[EventDate "2015.12.23"]

1. Nf3 Nf6 2. c4 e6 3. d4 b6 4. g3 Bb7 5. Bg2 Bb4+ 6. Nbd2 O-O 7. O-O Bxd2 8.
Bxd2 d6 9. Bc3 Ne4 10. Be1 Nd7 11. Nd2 Nxd2 12. Bxd2 Bxg2 13. Kxg2 f5 14. Qa4 e5
15. e3 Qe8 16. Qc6 Nf6 17. Qxe8 Rfxe8 18. dxe5 Ne4 19. Rfd1 Rxe5 20. Be1 a5 21.
Rac1 g6 22. h4 h5 23. b3 Kf7 24. Rc2 Re7 25. Kf3 Ke6 26. Rd4 Rd8 27. Ke2 Red7
28. Rd1 Nc5 29. Rd5 Ne4 30. Rd1 Nc5 31. Rd5 Ra8 32. Rd4 Rdd8 33. Bc3 Rdb8 34.
Rd1 b5 35. Bd4 Na6 36. c5 Nb4 37. Rcd2 d5 38. Bc3 c6 39. Bxb4 axb4 40. Rc2 Ra7
41. Rdd2 Kf6 42. Kd1 g5 43. hxg5+ Kxg5 44. Kc1 Re8 45. Kb2 Kg4 46. Rc1 Kf3 47.
Rh1 Rh7 48. Rh2 Re4 49. Rd1 h4 50. Rdh1 h3 51. Kb1 d4 52. exd4 Rxd4 53. Rxh3 Ra7
54. g4+ Kf4 55. gxf5 Rd2 56. Rh4+ Ke5 57. Re1+ Kd5 58. a4 bxa3 59. b4 Rxf2 60.
Rd1+ Ke5 61. Ka1 Kxf5 62. Rh6 Rg7 63. Rh3 Ra7 64. Rh8 Rb2 65. Rf8+ Ke5 66. Re8+
Kf4 67. Rf1+ Kg3 68. Rg8+ Kh2 69. Rf6 Rh7 70. Rg4 Kh3 71. Rg1 Kh2 72. Rg5 Kh1
73. Rf1+ Kh2 74. Rf6 Re2 75. Rxc6 Kh1 76. Rg3 Rhh2 77. Rb3 a2 0-1

[Event "4th Al Ain Chess Classic"]
[Site "Al-Ain UAE"]
[Date "2015.12.29"]
[Round "8.30"]
[White "Riff, Jean-Noel"]
[Black "Bashirli, Nail"]
[Result "1/2-1/2"]
[WhiteTitle "GM"]
[BlackTitle "FM"]
[WhiteElo "2507"]
[BlackElo "2338"]
[WhiteFideId "611190"]
[BlackFideId "13406809"]
[EventDate "2015.12.23"]

1. e4 c5 2. Ne2 d6 3. Nbc3 Nf6 4. g3 Nc6 5. Bg2 g6 6. d4 cxd4 7. Nxd4 Qb6 8. Be3
Ne5 9. Ne6 Qxb2 10. Nc7+ Kd8 11. Bd4 Bg4 12. Ne2 Qb4+ 13. c3 Qb2 14. Bxe5 Bxe2
15. Qb1 Qxb1+ 16. Rxb1 Kxc7 17. Bxf6 exf6 18. Kxe2 Re8 19. Kd3 b6 20. Rb5 Re5
21. Rhb1 Rxb5 22. Rxb5 a6 23. Rd5 Bg7 24. a4 Re8 25. Bh3 Re5 26. f4 Rxd5+ 27.
exd5 b5 28. axb5 axb5 29. f5 Kb6 30. g4 Bh6 31. Bg2 Bf4 32. h3 Kc5 33. Bf3 Be5
34. Bg2 g5 1/2-1/2

[Event "4th Al Ain Chess Classic"]
[Site "Al-Ain UAE"]
[Date "2015.12.29"]
[Round "8.31"]
[White "Mammadzada, Gunay"]
[Black "Debashis, Das"]
[Result "1-0"]
[WhiteTitle "WGM"]
[BlackTitle "GM"]
[WhiteElo "2341"]
[BlackElo "2505"]
[WhiteFideId "13403729"]
[BlackFideId "5024854"]
[EventDate "2015.12.23"]

1. e4 e5 2. Nf3 Nc6 3. Bb5 a6 4. Ba4 Nf6 5. O-O Be7 6. Re1 b5 7. Bb3 d6 8. c3
O-O 9. d4 Bg4 10. Be3 exd4 11. cxd4 Na5 12. Bc2 Nc4 13. Bc1 c5 14. b3 Nb6 15.
Nbd2 Rc8 16. h3 Bh5 17. a4 Qc7 18. a5 Nbd7 19. d5 Ne5 20. g4 Bg6 21. Bb2 Nfd7
22. Re3 Bf6 23. Nxe5 Nxe5 24. Bc3 Bg5 25. Re1 c4 26. b4 Nd3 27. Bxd3 cxd3 28.
Ra3 Qxc3 29. Rxc3 Rxc3 30. Rf1 Bf4 31. Nb1 Rc4 32. f3 d2 33. Nxd2 Rd4 34. Rf2
Be3 35. Qe1 Bxf2+ 36. Qxf2 Rd3 37. Kf1 Rc8 38. Ke2 Ra3 39. Qb6 h5 40. Qxa6 Rcc3
41. Qxd6 Re3+ 42. Kf2 Red3 43. Qf4 Rd4 44. Ke2 hxg4 45. hxg4 Rxb4 46. Qd6 Rba4
47. Qb6 1-0

[Event "4th Al Ain Chess Classic"]
[Site "Al-Ain UAE"]
[Date "2015.12.29"]
[Round "8.32"]
[White "Mammadova, Gulnar"]
[Black "Swayams, Mishra"]
[Result "1/2-1/2"]
[WhiteTitle "WGM"]
[BlackTitle "IM"]
[WhiteElo "2323"]
[BlackElo "2477"]
[WhiteFideId "13403508"]
[BlackFideId "5028183"]
[EventDate "2015.12.23"]

1. c4 b6 2. Nc3 Bb7 3. e4 e5 4. d3 Bc5 5. Be2 Nc6 6. Nf3 Nge7 7. O-O O-O 8. a3
a5 9. Rb1 f5 10. Nd5 Bd6 11. Bd2 a4 12. Bc3 Ng6 13. exf5 Rxf5 14. Nd2 Nd4 15.
Bg4 Rf7 16. Ne4 Bc5 17. Bh5 c6 18. Bxg6 hxg6 19. Nxc5 bxc5 20. Ne3 d6 21. Bxd4
cxd4 22. Ng4 Bc8 23. h3 Qg5 24. b3 axb3 25. Rxb3 Rf4 26. f3 Bxg4 27. hxg4 Rf7
28. Qe2 Rfa7 29. f4 exf4 30. Qe6+ Rf7 31. Rb7 Qf6 32. Qxf7+ Qxf7 33. Rxf7 Kxf7
34. Rxf4+ Ke6 35. Rxd4 Rxa3 36. Re4+ Kf6 37. Rf4+ Ke6 38. Re4+ Kd7 39. Re3 d5
40. cxd5 cxd5 41. Kf2 Kd6 42. d4 Ra2+ 43. Kf3 Rd2 44. Ra3 Ke7 45. Ra4 Kf6 46.
Kf4 Rf2+ 47. Kg3 Rd2 48. Kf4 Re2 49. Ra6+ Kf7 50. Ra7+ Kg8 51. Kg5 Re4 52. Ra4
Kh7 53. Rb4 Kg8 54. Ra4 1/2-1/2

[Event "4th Al Ain Chess Classic"]
[Site "Al-Ain UAE"]
[Date "2015.12.29"]
[Round "8.33"]
[White "Ahmed, Fareed"]
[Black "Harutyunian, Tigran K."]
[Result "0-1"]
[WhiteTitle "FM"]
[BlackTitle "IM"]
[WhiteElo "1970"]
[BlackElo "2448"]
[WhiteFideId "9303677"]
[BlackFideId "13303635"]
[EventDate "2015.12.23"]

1. e4 e5 2. Nf3 Nc6 3. Bb5 Nge7 4. Nc3 a6 5. Ba4 g6 6. Nd5 Bg7 7. c4 O-O 8. d3
d6 9. Bd2 Bg4 10. h3 Bxf3 11. Qxf3 Nd4 12. Qg3 Nxd5 13. cxd5 f5 14. Bg5 Bf6 15.
Bh6 Bh4 16. Qe3 f4 17. Qd2 Rf6 18. Qd1 b5 19. Bb3 g5 20. Qh5 Qe8 21. Qg4 Rxh6
22. g3 Kh8 23. gxh4 Rxh4 24. Qg2 Qh5 25. Bd1 f3 26. Qg3 g4 27. Rc1 Rg8 28. Rxc7
Rxh3 29. Rxh3 gxh3 30. Qh2 Rg2 31. Rc8+ Kg7 32. Rc7+ Kf6 33. Qh1 h2 0-1

[Event "4th Al Ain Chess Classic"]
[Site "Al-Ain UAE"]
[Date "2015.12.29"]
[Round "8.34"]
[White "Labib, Ibrahim Hasan"]
[Black "Kokol, Peter"]
[Result "1-0"]
[WhiteTitle "IM"]
[BlackTitle "FM"]
[WhiteElo "2434"]
[BlackElo "2363"]
[WhiteFideId "10600426"]
[BlackFideId "14604523"]
[EventDate "2015.12.23"]

1. Nf3 Nf6 2. c4 g6 3. Nc3 d5 4. cxd5 Nxd5 5. h4 Nxc3 6. dxc3 Qxd1+ 7. Kxd1 f6
8. h5 g5 9. e4 e5 10. Be3 Bg4 11. Kc2 Nd7 12. Nd2 Bc5 13. Bxc5 Nxc5 14. b4 Na4
15. Bb5+ Bd7 16. Bxd7+ Kxd7 17. Nc4 Ke6 18. Rad1 Rhd8 19. Na5 b6 20. Rxd8 Rxd8
21. Nc6 Ra8 22. Rd1 b5 23. c4 bxc4 24. Rd5 Nb6 25. Rc5 Nc8 26. Na5 Nd6 27. Rxc7
Nxe4 28. f3 Ng3 29. Rxh7 Rc8 30. Nb7 Kd5 31. h6 Nf5 32. Rd7+ Kc6 33. Rf7 Ne3+
34. Kc3 Nxg2 35. Nc5 a5 36. a3 axb4+ 37. axb4 Ne3 38. h7 f5 39. Ne6 Rh8 40. Nxg5
Kd6 41. Rg7 Nd5+ 42. Kxc4 Rc8+ 43. Kb3 Nf6 44. h8=Q 1-0

[Event "4th Al Ain Chess Classic"]
[Site "Al-Ain UAE"]
[Date "2015.12.29"]
[Round "8.35"]
[White "Das, Sayantan"]
[Black "Asadli, Vugar"]
[Result "1/2-1/2"]
[WhiteTitle "IM"]
[BlackTitle "FM"]
[WhiteElo "2411"]
[BlackElo "2323"]
[WhiteFideId "5034426"]
[BlackFideId "13405764"]
[EventDate "2015.12.23"]

1. e4 g6 2. d4 Bg7 3. Nc3 d6 4. h4 Nf6 5. Be2 c5 6. d5 h5 7. Nh3 O-O 8. Ng5 Na6
9. O-O Nc7 10. a4 Rb8 11. Bf4 a6 12. Qd2 b5 13. axb5 axb5 14. Ra7 b4 15. Nd1 Bg4
16. Ne3 Bxe2 17. Qxe2 Nb5 18. Raa1 Nd7 19. Rab1 Qc7 20. Nc4 Ra8 21. Qd1 Ra2 22.
Re1 Rfa8 23. Qd3 Nd4 24. c3 Nb5 25. Rbc1 bxc3 26. bxc3 Na3 27. Nf3 Nxc4 28. Qxc4
Nf6 29. Re2 R2a4 30. Qd3 Ng4 31. Rb2 Ra3 32. Bd2 c4 33. Qb1 Bf6 34. Rb7 Qc5 35.
Qb6 Qxb6 36. Rxb6 Ra1 37. Rbb1 Rxb1 38. Rxb1 Ra2 39. Kf1 Bxh4 40. g3 Bf6 41. Rb4
Nh2+ 42. Nxh2 Rxd2 43. Rxc4 Rc2 44. Kg2 Kg7 45. Rc6 g5 46. Nf3 g4 47. Nh4 1/2-1/2

[Event "4th Al Ain Chess Classic"]
[Site "Al-Ain UAE"]
[Date "2015.12.29"]
[Round "8.36"]
[White "Mu, Ke"]
[Black "Danielyan, Vahe"]
[Result "1-0"]
[WhiteElo "2403"]
[BlackElo "2307"]
[WhiteFideId "8602778"]
[BlackFideId "13304828"]
[EventDate "2015.12.23"]

1. d4 Nf6 2. c4 e6 3. Nc3 Bb4 4. e3 Bxc3+ 5. bxc3 c5 6. Bd3 Nc6 7. Nf3 d6 8. e4
e5 9. Rb1 h6 10. O-O O-O 11. d5 Ne7 12. Nh4 b6 13. f4 Ng6 14. Nxg6 fxg6 15. fxe5
dxe5 16. a4 a5 17. Qb3 Rb8 18. Be3 Bd7 19. h3 g5 20. g4 Qe8 21. Rb2 Qg6 22. Rg2
Qe8 23. Bc2 h5 24. Bxg5 hxg4 25. Bxf6 Rxf6 26. Rxf6 gxf6 27. Bd1 Kh8 28. Bxg4
Bxa4 29. Qa2 Rb7 30. Qf2 Qf8 31. Be6 Be8 32. Qh4+ 1-0

[Event "4th Al Ain Chess Classic"]
[Site "Al-Ain UAE"]
[Date "2015.12.29"]
[Round "8.37"]
[White "Pirverdiyev, Agil"]
[Black "Anurag, Mhamal"]
[Result "1/2-1/2"]
[BlackTitle "IM"]
[WhiteElo "2311"]
[BlackElo "2390"]
[WhiteFideId "13400568"]
[BlackFideId "5024366"]
[EventDate "2015.12.23"]

1. e4 e5 2. Nf3 Nc6 3. Bb5 a6 4. Ba4 Nf6 5. O-O Be7 6. Re1 b5 7. Bb3 d6 8. c3
O-O 9. h3 Nb8 10. d4 Nbd7 11. Nbd2 Bb7 12. a4 c5 13. Bc2 Re8 14. dxe5 dxe5 15.
b3 Qb6 16. Qe2 Nh5 17. Nf1 Nf4 18. Bxf4 exf4 19. e5 Nf8 20. Be4 Ng6 21. N1d2
Rad8 22. axb5 axb5 23. Bxb7 Qxb7 24. Ra5 Rb8 25. Qd3 Qb6 26. Raa1 Rbd8 27. Qf5
Bf8 28. Ng5 Qb7 29. e6 fxe6 30. Rxe6 Qxg2+ 31. Kxg2 Nh4+ 32. Kf1 Nxf5 33. Rxe8
Rxe8 34. Nge4 b4 35. Rc1 Rd8 36. Ke2 bxc3 37. Rxc3 Nd4+ 38. Kf1 Nb5 39. Rc4 Rd3
40. f3 Nd4 41. Rc3 Re3 42. h4 h5 43. Kg2 Be7 44. Kh3 Kf7 45. Kg2 Nf5 46. Rc4
Nxh4+ 47. Kf2 Nf5 48. Nxc5 Bh4+ 49. Kg1 Bg3 50. Re4 h4 51. Ne6 Rd3 52. Nc4 Rxb3
53. Nxf4 g5 54. Nh3 Rb1+ 55. Kg2 Kf6 56. Rg4 1/2-1/2

[Event "4th Al Ain Chess Classic"]
[Site "Al-Ain UAE"]
[Date "2015.12.29"]
[Round "8.38"]
[White "Hossain, Enamul"]
[Black "Guliyev, Gasan"]
[Result "1-0"]
[WhiteTitle "GM"]
[WhiteElo "2450"]
[BlackElo "2019"]
[WhiteFideId "10200649"]
[BlackFideId "13404407"]
[EventDate "2015.12.23"]

1. e4 e6 2. d3 d5 3. Nd2 c5 4. Ngf3 Nf6 5. g3 Nc6 6. Bg2 d4 7. O-O e5 8. Nc4 Qc7
9. a4 Bg4 10. h3 Bh5 11. Bd2 Be7 12. Qe1 Nd7 13. c3 f6 14. Nh4 Bf7 15. Nf5 Bf8
16. cxd4 Nxd4 17. Nxd4 Bxc4 18. dxc4 cxd4 19. b4 Qxc4 20. Qb1 Bd6 21. Rc1 Qe6
22. Bf1 Ke7 23. Ra2 Rac8 24. Rac2 Nb8 25. Kh2 Rxc2 26. Qxc2 Rd8 27. h4 g6 28.
Bc4 Qg4 29. Ba2 Rf8 30. Bh6 Re8 31. Qc4 Kd8 32. Bg7 Nd7 33. Qd5 Ke7 34. Qf7+ Kd8
35. Rc8+ 1-0

[Event "4th Al Ain Chess Classic"]
[Site "Al-Ain UAE"]
[Date "2015.12.29"]
[Round "8.39"]
[White "Prathamesh, Sunil Mokal"]
[Black "Iniyan, P"]
[Result "1-0"]
[WhiteTitle "IM"]
[WhiteElo "2393"]
[BlackElo "2275"]
[WhiteFideId "5006040"]
[BlackFideId "25002767"]
[EventDate "2015.12.23"]

1. e4 c5 2. Nf3 d6 3. d4 cxd4 4. Nxd4 Nf6 5. Nc3 a6 6. Be2 e5 7. Nb3 Be7 8. O-O
O-O 9. Re1 b6 10. a4 Bb7 11. Bc4 Nxe4 12. Rxe4 Bxe4 13. Nxe4 Nd7 14. Qd3 Qc8 15.
Be3 Kh8 16. Nc3 Qd8 17. Bd5 Rb8 18. Qxa6 f5 19. a5 Bf6 20. Na4 e4 21. Nxb6 Bxb2
22. Nxd7 Qxd7 23. Rb1 Be5 24. f4 exf3 25. Bxf3 d5 26. Qd3 d4 27. Bd2 h6 28. a6
g5 29. Re1 Rbe8 30. Bc3 Kh7 31. Bb4 Rf6 32. Ra1 Bb8 33. Bc5 Qc7 34. g3 Ba7 35.
Qxd4 Rd6 36. Qf2 Rb6 37. Kh1 Rxb3 38. Bxa7 Rxf3 39. Qxf3 Qxa7 40. Qb7+ Re7 41.
Qxa7 Rxa7 42. Kg2 Kg6 43. Kf3 Kf6 44. Ke3 Ke6 45. Kd4 Kd6 46. Ra2 Kc7 47. Ke5
Kb8 48. Kxf5 Rc7 49. Rb2+ Ka8 50. Rb6 Rc5+ 51. Kg4 Rc4+ 52. Kh5 Rxc2 53. Rxh6
Rxh2+ 54. Kxg5 Ra2 55. Rc6 1-0

[Event "4th Al Ain Chess Classic"]
[Site "Al-Ain UAE"]
[Date "2015.12.29"]
[Round "8.41"]
[White "Zozulia, Anna"]
[Black "Mohannad, Farhan"]
[Result "1-0"]
[WhiteTitle "IM"]
[BlackTitle "FM"]
[WhiteElo "2335"]
[BlackElo "2253"]
[WhiteFideId "14102110"]
[BlackFideId "8100918"]
[EventDate "2015.12.23"]

1. e4 e5 2. Nf3 d6 3. Bc4 Nd7 4. d4 exd4 5. Nxd4 Nb6 6. Bd3 g6 7. O-O Bg7 8. Nc3
Nf6 9. Bf4 O-O 10. Qd2 Ng4 11. Bg5 Qd7 12. Be2 Ne5 13. b3 d5 14. exd5 Nxd5 15.
Nxd5 Qxd5 16. Rad1 Bg4 17. f3 Be6 18. f4 Ng4 19. Nxe6 Qxe6 20. Bxg4 Qxg4 21. f5
gxf5 22. Rf3 Kh8 23. Rg3 Qh5 24. Rf1 f6 25. Bf4 Rad8 26. Rd3 Rde8 27. Rf2 Re4
28. Rd8 Rfe8 29. Rxe8+ Qxe8 30. Bxc7 Re1+ 31. Rf1 Re2 32. Qd3 Qe7 33. Bg3 Qc5+
34. Bf2 Qe5 35. Qd8+ Qe8 36. Rd1 h5 37. Kf1 Kh7 38. Qxe8 Rxe8 39. Rd7 b5 40.
Bxa7 Rc8 41. Bd4 Kg6 42. c3 Ra8 43. Ra7 Rd8 44. Ra6 Kg5 45. Ke2 Kg4 46. a4 b4
47. Rb6 bxc3 48. Bxc3 Re8+ 49. Kd3 Rd8+ 50. Kc2 Kf4 51. a5 Rc8 52. a6 Ke3 53. a7
Ra8 54. Rb7 Bf8 55. Rb8 Rxa7 56. Rxf8 Kf2 57. Bd4+ 1-0

[Event "4th Al Ain Chess Classic"]
[Site "Al-Ain UAE"]
[Date "2015.12.29"]
[Round "8.42"]
[White "Mkrtchyan, Sargis R."]
[Black "Arvola, Benjamin"]
[Result "0-1"]
[BlackTitle "FM"]
[WhiteElo "2236"]
[BlackElo "2328"]
[WhiteFideId "13307878"]
[BlackFideId "1506536"]
[EventDate "2015.12.23"]

1. d4 c5 2. d5 e6 3. c4 exd5 4. cxd5 d6 5. Nc3 g6 6. Nf3 Bg7 7. Bf4 Ne7 8. e4
O-O 9. Be2 a6 10. a4 Bg4 11. O-O Bxf3 12. Bxf3 Nc8 13. Qb3 Qc7 14. Rfe1 Nd7 15.
Be2 Rb8 16. Bg3 Re8 17. f4 Na7 18. e5 dxe5 19. d6 Qxd6 20. Rad1 Qe7 21. Bg4 Nf6
22. Bf3 Qe6 23. Qxe6 fxe6 24. fxe5 Nh5 25. Bf2 Nc6 26. Bxc5 Rbc8 27. Bd6 Nf4 28.
h4 Nh5 29. Kf2 Red8 30. Bg4 Re8 31. g3 Bh8 32. Kg2 Ng7 33. Ne4 Nf5 34. Nc5 Ncd4
35. Nxb7 Rc2+ 36. Kh3 Rec8 37. Ba3 Rf2 38. Rf1 Rxf1 39. Rxf1 Bxe5 40. Nc5 h5 41.
Bxf5 exf5 42. Nxa6 Ne2 43. Re1 Rc2 44. Nb4 Rd2 45. Nc6 Bc7 46. a5 f4 47. Ne7+
Kf7 48. Nd5 Bxa5 49. b4 Bd8 50. b5 fxg3 51. b6 g2 52. Rxe2 Rxe2 53. Kh2 Bxh4 54.
b7 Bg3+ 55. Kg1 h4 0-1

[Event "4th Al Ain Chess Classic"]
[Site "Al-Ain UAE"]
[Date "2015.12.29"]
[Round "8.43"]
[White "Gadimbayli, Abdulla"]
[Black "Hakobyan, Hovhannes H."]
[Result "1-0"]
[WhiteTitle "FM"]
[WhiteElo "2320"]
[BlackElo "2112"]
[WhiteFideId "13404938"]
[BlackFideId "13306308"]
[EventDate "2015.12.23"]

1. e4 e6 2. d4 d5 3. Nd2 Nf6 4. e5 Nfd7 5. Bd3 c5 6. c3 Nc6 7. Ne2 cxd4 8. cxd4
f6 9. exf6 Nxf6 10. Nf3 Bd6 11. O-O O-O 12. Bf4 Bxf4 13. Nxf4 Ng4 14. Ne2 e5 15.
Nxe5 Ncxe5 16. dxe5 Be6 17. h3 Nxe5 18. Nd4 Bf7 19. Rc1 Qf6 20. Bb1 Rac8 21.
Rxc8 Rxc8 22. Re1 Rc4 23. Nf5 Nc6 24. Qd3 g6 25. Nh6+ Kg7 26. Nxf7 Qxf7 27. a3
Rd4 28. Qc3 Qf6 29. Ba2 Kh6 30. Bxd5 Rf4 31. Qe3 Kg7 32. Bxc6 bxc6 33. Qxa7+ Kh6
34. Qe3 Qd4 35. Qxd4 Rxd4 36. Re2 Kg5 37. Rc2 Rd6 38. g3 h5 39. Rc5+ Kf6 40. Rc4
Ke5 41. Rc5+ Kd4 42. b4 Re6 43. Kg2 Kd3 44. h4 Ke2 45. a4 Rf6 46. Kg1 Rd6 47. a5
Kf3 48. Rc3+ Ke4 49. Kg2 Kd4 50. Rc5 g5 51. hxg5 h4 1-0

[Event "4th Al Ain Chess Classic"]
[Site "Al-Ain UAE"]
[Date "2015.12.29"]
[Round "8.44"]
[White "Aradhya, Garg"]
[Black "Jayakumaar S"]
[Result "0-1"]
[WhiteElo "2316"]
[BlackElo "2169"]
[WhiteFideId "25006746"]
[BlackFideId "5090997"]
[EventDate "2015.12.23"]

1. d4 d5 2. c4 e6 3. Nf3 Nf6 4. Nc3 Be7 5. Bf4 O-O 6. a3 Nbd7 7. Nb5 Ne8 8. e3
c6 9. Nc3 Nd6 10. c5 Ne8 11. Qc2 b6 12. b4 a5 13. Rb1 axb4 14. axb4 bxc5 15.
bxc5 Ra3 16. Bd3 Qa5 17. Kd2 Nef6 18. Qb2 Bxc5 19. dxc5 Nxc5 20. Ng5 h6 21. Bc7
Nxd3 22. Kxd3 Qa6+ 23. Kc2 hxg5 24. Ra1 Rxa1 25. Rxa1 Qb7 26. Qxb7 Bxb7 27. Ra7
Bc8 28. Na4 Re8 29. Nb6 Nd7 30. Nxd7 Bxd7 31. Bd6 Bc8 32. Rc7 Ba6 33. Rxc6 Ra8
34. Rb6 Bf1 35. g3 Ra2+ 36. Rb2 Ra6 37. Bb4 Bh3 38. f3 Kh7 39. Kd3 Kg6 40. e4
dxe4+ 41. Kxe4 Ra1 42. Ke3 Rf1 43. Bc3 Rd1 44. Kf2 Bf1 45. Rd2 Rc1 46. Bb2 Rb1
47. h4 gxh4 48. gxh4 f6 49. Ba3 Rb3 50. Bf8 Bb5 51. Rc2 Rd3 52. h5+ Kf7 53. h6
gxh6 54. Bxh6 Ba4 55. Rd2 Rc3 56. Be3 Bc6 57. Rd1 Bd5 58. Rc1 Rb3 59. Rh1 Rb2+
60. Kg3 Re2 61. Bb6 e5 62. Rf1 f5 63. Rf2 Re1 64. Rd2 Ke6 65. f4 e4 66. Kf2 Rb1
67. Be3 Bc4 68. Rd4 Rf1+ 69. Kg2 Rf3 70. Bc1 Bf1+ 71. Kg1 Bh3 72. Kh2 Bg4 73.
Kg2 Rc3 74. Bd2 Rc7 75. Bb4 Rc2+ 76. Rd2 Rc4 77. Rd6+ Kf7 78. Bd2 Ke7 79. Rd5
Ra4 80. Be3 Kf7 81. Rd6 Ra2+ 82. Kg3 Re2 83. Bc5 Bf3 84. Bf2 Rc2 85. Rb6 Bg4 86.
Be3 Rc8 87. Bd4 Rd8 88. Be3 Rh8 89. Bd4 Rh3+ 90. Kg2 Rd3 91. Bc5 e3 92. Rb7+ Kg6
93. Rb6+ Kh5 94. Re6 e2 95. Bf2 Bf3+ 96. Kh2 Be4 97. Re8 Kg4 0-1

[Event "4th Al Ain Chess Classic"]
[Site "Al-Ain UAE"]
[Date "2015.12.29"]
[Round "8.45"]
[White "Arjun Kalyan"]
[Black "Nitish, Belurkar"]
[Result "1/2-1/2"]
[BlackTitle "CM"]
[WhiteElo "2107"]
[BlackElo "2304"]
[WhiteFideId "35018701"]
[BlackFideId "5084768"]
[EventDate "2015.12.23"]

1. e4 e6 2. d4 d5 3. Nc3 dxe4 4. Nxe4 Bd7 5. Nf3 Bc6 6. Bd3 Nd7 7. Qe2 Ngf6 8.
Bg5 Be7 9. Bxf6 Nxf6 10. O-O Nxe4 11. Bxe4 Bxe4 12. Qxe4 c6 13. c4 O-O 14. Rad1
Bf6 15. Rd3 Qa5 16. a3 Rad8 17. Rfd1 Qa4 18. b4 Qc2 19. c5 Rd5 20. Kf1 Rfd8 21.
Qe2 Qa4 22. g3 Qa6 23. Rb3 Qxe2+ 24. Kxe2 e5 25. Ne1 Rxd4 26. Rxd4 Rxd4 27. Re3
Kf8 28. f3 g6 29. Nd3 Rd5 30. Nb2 Bg5 31. Rd3 Bd8 32. Nc4 Rxd3 33. Kxd3 Bc7 34.
Ke4 f5+ 35. Kd3 Ke7 36. a4 a6 37. g4 h6 38. h3 Ke6 39. a5 Kf6 40. Ke3 Ke6 41.
Kd3 h5 42. Ne3 Bd8 43. Nc4 Be7 44. Ke3 Bh4 45. gxh5 gxh5 46. Ke2 Be7 47. Kd3 Bd8
48. Nd6 Bc7 49. Nc4 Kf6 50. Ke2 Bd8 51. Ke3 Ke6 52. Kd3 Be7 53. Ke3 Bg5+ 54. Kd3
Bf4 55. Nd6 e4+ 56. fxe4 Bxd6 57. exf5+ Kxf5 58. cxd6 Ke6 59. h4 Kxd6 60. Kd4
Kc7 61. Kc5 b6+ 62. axb6+ Kb7 63. Kd4 Kxb6 64. Kc4 Kb7 65. Kc5 Kc7 66. Kd4 1/2-1/2

[Event "4th Al Ain Chess Classic"]
[Site "Al-Ain UAE"]
[Date "2015.12.29"]
[Round "8.46"]
[White "San Juan, Dennis"]
[Black "Kurbonboeva, Sarvinoz"]
[Result "0-1"]
[BlackTitle "WIM"]
[WhiteElo "2101"]
[BlackElo "2295"]
[WhiteFideId "5207533"]
[BlackFideId "14201780"]
[EventDate "2015.12.23"]

1. d4 Nf6 2. Nf3 g6 3. g3 Bg7 4. Bg2 O-O 5. O-O d6 6. c4 Nbd7 7. Nc3 e5 8. e3 c6
9. b3 e4 10. Nd2 d5 11. Ba3 Re8 12. Qe2 Qa5 13. Bb2 Nf8 14. a3 Bg4 15. Qe1 Qd8
16. h3 Be6 17. cxd5 cxd5 18. Rc1 Qd7 19. Kh2 h5 20. Qe2 Rac8 21. Qb5 Qe7 22. Qa5
b6 23. Qa6 h4 24. Nb5 hxg3+ 25. fxg3 Nh5 26. g4 Bxg4 27. hxg4 Qh4+ 28. Kg1 Bh6
29. Rce1 Nf6 30. Re2 Nxg4 31. Rfe1 Qh2+ 32. Kf1 Rc6 0-1

[Event "4th Al Ain Chess Classic"]
[Site "Al-Ain UAE"]
[Date "2015.12.29"]
[Round "8.47"]
[White "Hojjatova, Aydan"]
[Black "Asgarova, Turan"]
[Result "1-0"]
[WhiteTitle "WFM"]
[WhiteElo "2288"]
[BlackElo "1935"]
[WhiteFideId "13401491"]
[BlackFideId "13403451"]
[EventDate "2015.12.23"]

1. e4 c5 2. Nf3 e6 3. d4 cxd4 4. Nxd4 Nc6 5. Nc3 d6 6. g4 Be7 7. Be3 a6 8. Qe2
Nxd4 9. Bxd4 e5 10. Be3 Be6 11. Rg1 Nf6 12. g5 Nd7 13. O-O-O O-O 14. Qd2 Rc8 15.
Kb1 Nb6 16. h4 Qc7 17. h5 Nc4 18. Bxc4 Qxc4 19. g6 hxg6 20. hxg6 b5 21. Nd5 Bxd5
22. exd5 Bf6 23. f3 fxg6 24. Rg4 Qc7 25. Rxg6 Kf7 26. Rdg1 Rh8 27. Qd3 Rcg8 28.
f4 Qe7 29. Qf5 a5 30. Bd2 b4 31. Re1 Rh2 32. Kc1 Rgh8 33. fxe5 dxe5 34. Reg1
R8h7 35. Be3 a4 36. Bc5 R2h5 37. Rxf6+ 1-0

[Event "4th Al Ain Chess Classic"]
[Site "Al-Ain UAE"]
[Date "2015.12.29"]
[Round "8.48"]
[White "Kulkarni, Bhakti"]
[Black "Mayed AlRashedi"]
[Result "1-0"]
[WhiteTitle "CM"]
[BlackTitle "FM"]
[WhiteElo "2328"]
[BlackElo "1895"]
[WhiteFideId "5019516"]
[BlackFideId "9303871"]
[EventDate "2015.12.23"]

1. d4 Nf6 2. Nf3 g6 3. c4 Bg7 4. Nc3 O-O 5. e4 d6 6. Be2 e5 7. d5 c6 8. O-O cxd5
9. cxd5 Nbd7 10. Nd2 g5 11. Nc4 Ne8 12. Bg4 Nc5 13. Bxc8 Rxc8 14. Ne3 Bf6 15.
Qf3 Nd3 16. Nf5 Nxc1 17. Raxc1 Ng7 18. Nb5 Nxf5 19. Qxf5 Rxc1 20. Rxc1 Kg7 21.
Qf3 Qd7 22. Qb3 a6 23. Na3 Bd8 24. Nc4 f5 25. Qb4 fxe4 26. Qxd6 Qxd6 27. Nxd6
Bb6 28. Nxe4 Rd8 29. d6 h6 30. Kf1 Kf7 31. Rc7+ Ke6 32. Rxb7 Bd4 33. b3 Kd5 34.
f3 g4 35. Rh7 gxf3 36. gxf3 1-0

[Event "4th Al Ain Chess Classic"]
[Site "Al-Ain UAE"]
[Date "2015.12.29"]
[Round "8.49"]
[White "Khalafova, Narmin"]
[Black "Abdulla, Khayala"]
[Result "0-1"]
[WhiteTitle "WIM"]
[BlackTitle "WGM"]
[WhiteElo "2138"]
[BlackElo "2256"]
[WhiteFideId "13402625"]
[BlackFideId "13401807"]
[EventDate "2015.12.23"]

1. e4 e6 2. d4 d5 3. Nd2 c5 4. Ngf3 Nc6 5. exd5 exd5 6. Bb5 Bd6 7. dxc5 Bxc5 8.
O-O Ne7 9. Nb3 Bb6 10. h3 O-O 11. c3 Qd6 12. Bd3 Ng6 13. Nbd4 Nf4 14. Bxf4 Qxf4
15. Bc2 Nxd4 16. Nxd4 Bc7 17. Nf3 Rd8 18. Qd4 Qh6 19. Rfe1 Be6 20. Rad1 Rd6 21.
Qd2 Qf6 22. Nd4 Rb6 23. Qd3 g6 24. b4 Qf4 25. g3 Qf6 26. Kg2 a5 27. b5 Bd7 28.
a4 h5 29. Re3 h4 30. Rde1 Qh8 31. g4 Qf6 32. Nf3 Bf4 33. R3e2 Rc8 34. g5 Qxc3
35. Qxd5 Rd6 36. Qxb7 Rc5 37. Qb8+ Kg7 38. Be4 Rc8 39. Qb7 Rc7 40. Qb8 Rc8 41.
Qb7 Rc5 42. Bb1 Rdd5 43. Rh1 Rxg5+ 44. Kf1 Bc6 45. bxc6 Qxf3 46. Qb2+ Be5 47.
Be4 Qxe4 48. Rxe4 Bxb2 0-1